| 000 | 00535nam a22001937a 4500 | ||
|---|---|---|---|
| 003 | OSt | ||
| 005 | 20150407163232.0 | ||
| 008 | 130626s2013 sp ||||| |||| 00| 0 spa d | ||
| 020 | _a9788441532687 | ||
| 040 |
_cCDMR _bcat |
||
| 100 | 1 |
_93887 _aMellado, José María |
|
| 245 | 1 | 0 |
_aFotografía de alta calidad _cJosé María Mellado |
| 250 | _a2a ed. | ||
| 260 |
_aMadrid _bAnaya Multimedia _c2013 |
||
| 300 |
_a526 p. _bil. fot. col. |
||
| 490 | _aPhoto club (Anaya) | ||
| 650 | 0 | 4 |
_94439 _aFotografia _vManuals, guies, etc. |
| 942 | _cMON | ||
| 999 |
_c6531 _d6531 |
||